Marki wódki - Statystyki

Ogólne statystyki
  • Ten quiz został rozwiązany 3 421 razy
    3 383 od ostatniego zresetowania
  • Średni wynik to 11 z 40
Statystyki odpowiedzi
Marka % Poprawnych
Żubr
90%
Soplica
79%
Żubrówka
78%
Stock
73%
Finlandia
71%
Pan Tadeusz
71%
Żołądkowa Gorzka
58%
Lubelska
52%
Wyborowa
52%
Absolut
46%
Bols
46%
Krupnik
37%
Belvedere
36%
Ogiński
31%
Chopin
26%
Żytnia
25%
Stumbras
24%
Amundsen
22%
Luksusowa
22%
Luksusowa
22%
Żytniówka
21%
Sobieski
18%
Smirnoff
17%
Saska
13%
Dębowa
11%
1906
10%
Ostoya
9%
Baczewski
6%
Absolvent
5%
Beluga
4%
Krakus
3%
Starogardzka
3%
Siwucha
2%
Stołowa
2%
Balsam
1%
Khortytsa
1%
Palace Vodka
1%
Polonaise
1%
Imperia
0%
Status
0%
Nie znaleziono quizów pasujących do podanych kryteriów
Rozkład punktacji
Procent ludzi z każdym wynikiem
Percentyl według liczby udzielonych odpowiedzi
Twoja historia wyników
Nie rozwiązałeś tego quizu od ostatniego zresetowania